Paroles - Nekfeu - Au coeur du G - Statistiques

Statistiques générales
  • Ce quiz a été pris 276 fois
    275 depuis la dernière actualisation
  • Le résultat moyen est 373 sur 487
Statistiques - réponses
Paroles % Correct
à
99%
a
99%
dé…
96%
de
96%
du
96%
la
96%
La
96%
Le
96%
le
96%
G,
95%
au
94%
en
94%
Cœur
93%
cœur
93%
est
93%
je
93%
Je
93%
me
93%
dans
92%
et
91%
Et
91%
les
91%
Les
91%
moi,
91%
tu
91%
Feu
90%
feu
90%
m'a
90%
ma
90%
avec
89%
J'ai
89%
j'ai
89%
se
89%
te
89%
ce
88%
Entre
88%
l'ai
88%
pas"
88%
pas
88%
Pas
88%
toi
88%
un
88%
dit
87%
laisse
87%
vie
87%
mon
86%
Mon
86%
que
86%
Ses
86%
ses
86%
comment
85%
des
85%
J'aime
85%
j'aime
85%
bébé,
84%
danses,
84%
embrouilles
84%
ex
84%
jeune
84%
plus
84%
Sa
84%
sa
84%
jus
83%
ne
83%
Elle
82%
elle
82%
toit
82%
qu'à
81%
ton
81%
complexe
80%
main
80%
par
80%
entrepreneur
79%
déjà
78%
d'un…
78%
d'un
78%
fournisseur,
78%
mes
78%
papa
78%
pressé
78%
t'en
78%
va
78%
décompresser
77%
décompresser,
77%
piges
77%
pour
77%
Pour
77%
fille
76%
mais,
76%
mais
76%
cheveux,
75%
détends-toi
75%
justice
75%
peine,
75%
"quand
75%
quand
75%
qu'elle
75%
son
75%
tout
75%
24
74%
on
74%
On
74%
travaille
74%
copines
73%
trouve ?
73%
être
72%
impossible
72%
lui
72%
monde
72%
"qu'est-ce
72%
copains
71%
pe-cou
71%
regardent
71%
soirée
71%
abîmer
70%
Car
70%
étourdissant,
70%
genre
70%
j'la
70%
marier
70%
Lo'
68%
s'est
68%
Cette
67%
cousine
67%
cuisine,
67%
est-ce
67%
J'suis
67%
j'veux
67%
Laisse-moi
67%
l'épouse ?"
67%
m'avoir,
67%
même
67%
remonter,
67%
veut
67%
fait
66%
jamais,
66%
"j't'en
66%
manoir
66%
peux
66%
ple-cou
66%
redescendre
66%
mannequin
65%
m'invite
65%
team,
65%
contre
64%
ramené
64%
Difficile
63%
il
63%
manières
63%
sur
63%
faisait
62%
filles
62%
piscine
62%
prie,
62%
puis
62%
quartier
62%
une
62%
vient
62%
langue
61%
lieu
61%
Maintenant
61%
n'aiment
61%
douceurs
60%
draguer
60%
rappeurs
60%
moment
59%
terre
59%
terre,
59%
yeux
58%
brûlant
57%
caramelo
57%
inquiet
57%
parfait
57%
semblait
57%
tous
57%
battre
56%
d'orange
56%
faut
56%
présenter
56%
bédave
55%
café
55%
déliée
55%
derrière
55%
prise
55%
air
54%
deux
54%
glacé,
54%
jolies
54%
j'organise
54%
pastis
54%
serré
54%
tiède
54%
Assis
53%
brune,
53%
contre-soirée
53%
devants",
53%
d'hier
53%
lecture
53%
l'évier,
53%
passé,
53%
brûlante
52%
cambre
51%
céder
51%
écarquillés
51%
mie
51%
"prends
51%
cuisses,
50%
ouvert
50%
pain
50%
tressée,
50%
tressée
50%
dos,
49%
j'accueille
49%
leur
49%
logis
49%
soi-même
49%
zoulous
49%
bas
48%
oui,
48%
j'apprécie
47%
jeunes
47%
J'sais
47%
m'regarde
47%
fini
46%
n'pas
46%
Yeah
46%
yeah
46%
yeah,
46%
brioche
45%
c'qui
45%
d'imposteur,
45%
J'redescendrai
45%
mettre
44%
milieu
44%
éparpillés
43%
Fenek
43%
pulpeuse,
43%
samples
43%
ventre
43%
visite
43%
Tatouage
42%
mytho,
41%
jacuzzi
39%
laisses
39%
Rends-moi
39%
Attends,
38%
clémentine
38%
l'odeur
38%
mise
38%
temps
37%
toaster
37%
cendrait
36%
pure
33%
tôt
33%
J'me
32%
L'acoustique
31%
lève
31%
qu'tu
29%
dièses
28%
j'voulais
28%
cyphers
25%
doux
22%
Aucun quiz correspondant
Distribution des résultats
% des personnes avec chaque résultat
Percentile par nombre de réponses
Votre historique - résultats
Vous n’avez pas pris ce quiz depuis la dernière actualisation